000 01855nam a22002537a 4500
999 _c60013
_d60013
003 Ge_BSU
005 20230531103957.0
008 230530s1949 ge ||||| |||| 00| 0 geo d
041 _ageo
080 _a271.22(479.22) + 392(=353.1) დ-74
100 _aდონდუა, ვარლამ
_918311
245 _aკალმასობა როგორც ყოფა-ცხოვრებითი მოვლენა ძველ საქართველოში /
_cვარლამ დონდუა; რედ. ნ. ბერძენიშვილი; საქ. სსრ მეცნ. აკადემია. აკად. ივ. ჯავახიშვილის სახ. ისტორიის ინ-ტი.
264 _aთბილისი :
_bსაქ. სსრ მეცნ. აკად. გამ-ბა და სტ.,
_c1949.
300 _a108 გვ. ;
_b19 სმ.
501 _aსაკუთარ სახელთა საძიებელი, გვ. 99-103; საგანთა საძიებელი, გვ. 103-107.
504 _aბიბლიოგრაფია შენიშვნებში.
520 _aრეზუმე რუსულ ენაზე, გვ.86-98;
653 _aსაქართველოს მართლმადიდებლური ეკლესია.
653 _aქართული წეს-ჩვეულებები.
653 _aქართველების ეთნოგრაფია.
700 _aბერძენიშვილი, ნ.
_eრედაქტორი
_918312
710 _aსაქ. სსრ მეცნ. აკადემია. აკად.
_bივ. ჯავახიშვილის სახ. ისტორიის ინ-ტი.
_918313
942 _2udc
_cBK